Discours prononcé par M. le cte. de Montalembert à l'Académie française en venant prendre séance à la place de M. Droz le 5 février 1852. (Record no. 160008)

MARC details
000 -LEADER
campo de control de longitud fija 00717nam a22001815i 4500
001 - NÚMERO DE CONTROL
campo de control 160008
003 - IDENTIFICADOR DE NÚMERO DE CONTROL
campo de control ES-MaACL
005 - FECHA Y HORA DE LA ÚLTIMA TRANSACCIÓN
campo de control 20230906211918.0
008 - DATOS DE LONGITUD FIJA--INFORMACIÓN GENERAL
campo de control de longitud fija 990518s1852 fr |||| | fre d
040 ## - FUENTE DE CATALOGACIÓN
Centro catalogador/agencia de origen CCPB | B
Lengua de catalogación spa
Centro/agencia transcriptor CCPB | B
100 1# - ENTRADA PRINCIPAL--NOMBRE DE PERSONA
Nombre de persona Montalembert, Charles Forbes
Títulos y otros términos asociados al nombre comte de (
Fechas asociadas al nombre 1810-1870)
9 (RLIN) 130077
245 10 - MENCIÓN DEL TÍTULO
Título Discours prononcé par M. le cte. de Montalembert à l'Académie française en venant prendre séance à la place de M. Droz le 5 février 1852.
260 ## - PUBLICACIÓN, DISTRIBUCIÓN, ETC.
Lugar de publicación, distribución, etc. Paris :
Nombre del editor, distribuidor, etc. Sagnier et Bray,
Fecha de publicación, distribución, etc. 1852.
300 ## - DESCRIPCIÓN FÍSICA
Extensión 57 p. ;
Dimensiones 22 cm.
597 ## - NOTA DE DESCRIPCIÓN FÍSICA
NOTA DE DESCRIPCIÓN FÍSICA Antep.
600 04 - PUNTO DE ACCESO ADICIONAL DE MATERIA--NOMBRE DE PERSONA
Nombre de persona Droz, Joseph.
9 (RLIN) 45674
852 ## - LOCALIZACIÓN
Ubicación ES-MaACL
Número de control de estantería T-358-F-4
Nota libre -- Enc. hol.
condición física -- Falto de la cub. original
Nota libre -- Enc. en un vol. facticio
Holdings
Estatus retirado Estado de pérdida Estado de daño No para préstamo Colección Biblioteca de origen Biblioteca actual Ubicación en estantería Fecha de adquisición Total de préstamos Signatura topográfica completa Código de barras Visto por última vez Precio de reemplazo Tipo de ítem Koha
        Colección de folletos Biblioteca del Ateneo de Madrid Biblioteca del Ateneo de Madrid Depósito folletos 17/01/2008   T-358-F-4 1167514 23/02/2023 23/02/2023 Folleto